[Event "Nuremberg-ch op 05th"]
[Site "Nuremberg"]
[Date "2005.05.08"]
[Round "4"]
[White "Schaefer, Erich"]
[Black "Doerfler, Christian"]
[Result "1/2-1/2"]
[WhiteElo "1539"]
[BlackElo "1711"]
[PlyCount "36"]
[EventDate "2005.05.06"]
[EventType "swiss"]
[EventRounds "5"]
[EventCountry "GER"]
[SourceTitle "EXT 2007"]
[Source "ChessBase"]
[SourceDate "2006.11.23"]
[SourceVersion "1"]
[SourceVersionDate "2006.11.23"]
[SourceQuality "1"]

1. d4 Nf6 2. Nf3 g6 3. e3 Bg7 4. Bd3 d6 5. Nbd2 Nbd7 6. c3 0-0 7. 0-0 c6 8. Ng5 h6 9. Ngf3 e5 10. dxe5 dxe5 11. Bc4 Qc7 12. Qc2 Nd5 13. a3 N7f6 14. Nh4 Be6 15. e4 Nf4 16. Bxe6 Nxe6 17. Nb3 Rad8 18. Be3 b6 1/2-1/2

[Event "Nuremberg-ch op 04th"]
[Site "Nuremberg"]
[Date "2004.05.22"]
[Round "3"]
[White "Doerfler, Christian"]
[Black "Ter Akopyan, Bagrat"]
[Result "1-0"]
[WhiteElo "1733"]
[BlackElo "1619"]
[PlyCount "71"]
[EventDate "2004.05.21"]
[EventType "swiss"]
[EventRounds "5"]
[EventCountry "GER"]
[SourceTitle "EXT 2006"]
[Source "ChessBase"]
[SourceDate "2005.11.24"]
[SourceVersion "1"]
[SourceVersionDate "2005.11.24"]
[SourceQuality "1"]

1. e4 c5 2. Nf3 d6 3. d4 cxd4 4. Nxd4 Nf6 5. Nc3 Nc6 6. Bc4 g6 7. f3 Bg7 8. Be3 Bd7 9. Bb3 Rc8 10. Qd2 Ne5 11. 0-0-0 0-0 12. Kb1 a6 13. Bh6 b5 14. h4 Nc4 15. Bxc4 Rxc4 16. Bxg7 Kxg7 17. h5 Nxh5 18. g4 Nf6 19. Qh6+ Kh8 20. Nd5 Nh5 21. gxh5 g5 22. Qxg5 Be6 23. Rhg1 Rg8 24. Qxg8+ Qxg8 25. Rxg8+ Kxg8 26. Nxe6 fxe6 27. Ne3 Rc5 28. Rg1+ Kf8 29. h6 Rh5 30. Ng4 Ke8 31. c3 Rh3 32. Rf1 Kd7 33. Kc2 Kc6 34. Kd3 d5 35. Rf2 dxe4+ 36. Kxe4 1-0

[Event "Mittelfranken Mitte-ch 0304"]
[Site "Zirndorf"]
[Date "2004.??.??"]
[Round "2"]
[White "Doerfler, Christian"]
[Black "Puehn, Georg"]
[Result "0-1"]
[WhiteElo "1716"]
[BlackElo "1902"]
[PlyCount "68"]
[EventDate "2004.01.02"]
[EventType "swiss"]
[EventRounds "7"]
[EventCountry "GER"]
[SourceTitle "EXT 2015"]
[Source "ChessBase"]
[SourceDate "2014.11.20"]
[SourceVersion "1"]
[SourceVersionDate "2014.11.20"]
[SourceQuality "1"]

1. e4 c6 2. Nf3 d5 3. Nc3 a6 4. d4 Bg4 5. h3 Bh5 6. g4 Bg6 7. Bd3 e6 8. e5 c5 9. Bxg6 hxg6 10. Na4 Nd7 11. Be3 Qc7 12. Qe2 Qa5+ 13. Nc3 b5 14. Bd2 b4 15. Nd1 Ne7 16. c4 dxc4 17. Qxc4 Nd5 18. Ne3 N7b6 19. Qc2 Rc8 20. Nxd5 Nxd5 21. Ng5 Be7 22. Nxe6 fxe6 23. Qxg6+ Kd7 24. Rc1 c4 25. Qxg7 c3 26. bxc3 bxc3 27. Bxc3 Nxc3 28. 0-0 Ne2+ 29. Kh2 Rcg8 30. Qf7 Rf8 31. Qg7 Nf4 32. Rc5 Rxh3+ 33. Kg1 Qa3 34. Rfc1 Rh1+ 0-1

[Event "Nuremberg-ch op 01st"]
[Site "Nuremberg"]
[Date "2001.06.01"]
[Round "1"]
[White "Klyszcz, Michael"]
[Black "Doerfler, Christian"]
[Result "1-0"]
[WhiteElo "2087"]
[BlackElo "1635"]
[PlyCount "23"]
[EventDate "2001.06.01"]
[EventType "swiss"]
[EventRounds "5"]
[EventCountry "GER"]
[SourceTitle "EXT 2003"]
[Source "ChessBase"]
[SourceDate "2002.11.25"]
[SourceVersion "1"]
[SourceVersionDate "2002.11.25"]
[SourceQuality "1"]

1. e4 e5 2. Bc4 Nf6 3. Nc3 Nc6 4. Nf3 Bc5 5. 0-0 0-0 6. d3 h6 7. Nd5 d6 8. h3 Be6 9. c3 Na5 10. Nxf6+ Qxf6 11. Bxe6 fxe6 12. b4 1-0